[Event "Fagernes Chess International"]
[Site "Fagernes"]
[Date "2015.03.29"]
[Round "4"]
[White "Donchenko, Irina"]
[Black "Ranaldi, Lucas"]
[Result "1/2-1/2"]
[WhiteElo "2058"]
[BlackElo "2014"]
[PlyCount "86"]
[EventDate "2015.??.??"]

1. c4 g6 2. Nc3 Bg7 3. g3 c5 4. Bg2 Nc6 5. e3 e5 6. Nge2 Nge7 7. O-O O-O 8. a3
d6 9. Rb1 a5 10. d3 Rb8 11. Bd2 Be6 12. Nd5 b5 13. b3 b4 14. Nxe7+ Nxe7 15.
axb4 axb4 16. d4 Qc7 17. Bc1 Bg4 18. Bb2 exd4 19. exd4 Bxe2 20. Qxe2 Nf5 21.
dxc5 dxc5 22. Be4 Rfe8 23. Qc2 Bxb2 24. Bxf5 Bc3 25. Be4 Rb6 26. Rfd1 Rbe6 27.
Bf3 Bd4 28. Kg2 Kg7 29. Rd2 Ra6 30. Re2 Rxe2 31. Qxe2 Qa7 32. Rd1 Re6 33. Qc2
Ra6 34. Qe2 Ra3 35. Rd3 Bc3 36. Qe8 Bd4 37. Bd5 Qc7 38. Rf3 Ra7 39. Rxf7+ Qxf7
40. Bxf7 Rxf7 41. f4 h5 42. Qe4 Kf6 43. Qc6+ Kg7
1/2-1/2

[Event "Fagernes Chess International"]
[Site "Fagernes"]
[Date "2015.03.29"]
[Round "4"]
[White "Olsen, Robin"]
[Black "Bentsen, Håkon"]
[Result "1/2-1/2"]
[WhiteElo "2030"]
[BlackElo "2050"]
[PlyCount "69"]
[EventDate "2015.??.??"]

1. d4 Nf6 2. c4 e6 3. Nf3 d5 4. Nc3 Be7 5. cxd5 exd5 6. Bg5 c6 7. Qc2 g6 8. e3
Bf5 9. Bd3 Bxd3 10. Qxd3 Nbd7 11. O-O O-O 12. Rab1 a5 13. a3 Re8 14. Qc2 Bd6
15. b4 axb4 16. axb4 Nb6 17. Rb3 Nc4 18. Re1 Be7 19. b5 Nd7 20. Bxe7 Rxe7 21.
bxc6 bxc6 22. e4 dxe4 23. Nxe4 Ndb6 24. Qc3 f5 25. Neg5 h6 26. Ne6 Qd5 27. Nf4
Rxe1+ 28. Qxe1 Qf7 29. Rb1 Re8 30. Qc3 Re4 31. Nd3 Qd5 32. h3 g5 33. Nb4 Qe6
34. Nc2 Kh7 35. Re1
1/2-1/2

[Event "Fagernes Chess International"]
[Site "Fagernes"]
[Date "2015.03.29"]
[Round "4"]
[White "Hoem, Tor Wetle"]
[Black "Grindbakken, Erik"]
[Result "1-0"]
[WhiteElo "2039"]
[BlackElo "1546"]
[PlyCount "37"]
[EventDate "2015.??.??"]

1. d4 f5 2. e4 fxe4 3. f3 Nf6 4. Nc3 e6 5. fxe4 Bb4 6. Bg5 Be7 7. Nf3 O-O 8.
Bd3 Ng4 9. h4 h6 10. Bxe7 Qxe7 11. e5 b6 12. Qe2 Bb7 13. O-O-O Qf7 14. Rde1 h5
15. Rhf1 Qf4+ 16. Kb1 Bxf3 17. Rxf3 Qh6 18. Rxf8+ Kxf8 19. Qf3+
1-0

[Event "Fagernes Chess International"]
[Site "Fagernes"]
[Date "2015.03.29"]
[Round "4"]
[White "Lund, Gunnar"]
[Black "Nilsen, Martin"]
[Result "0-1"]
[WhiteElo "1719"]
[BlackElo "2025"]
[PlyCount "54"]
[EventDate "2015.??.??"]

1. e4 e6 2. d4 d5 3. Nd2 Be7 4. Ngf3 Nf6 5. e5 Nfd7 6. Bd3 c5 7. c3 Nc6 8. O-O
g5 9. dxc5 Ndxe5 10. Nxe5 Nxe5 11. Nb3 a5 12. a4 b6 13. cxb6 Nxd3 14. Qxd3 Ba6
15. Qd4 Bf6 16. Qc5 Bxf1 17. Qc6+ Kf8 18. Kxf1 Rc8 19. Qb5 Kg7 20. Nxa5 Qd6 21.
Be3 Qxh2 22. f3 Qh1+ 23. Bg1 Bd4 24. cxd4 Rc2 25. Qe2 Rxe2 26. Kxe2 Qxg2+ 27.
Bf2 Rc8
0-1

[Event "Fagernes Chess International"]
[Site "Fagernes"]
[Date "2015.03.29"]
[Round "4"]
[White "Jacobsen, Fredrik Beer"]
[Black "Berntsen-Øybø, August"]
[Result "1-0"]
[WhiteElo "2011"]
[BlackElo "1717"]
[PlyCount "131"]
[EventDate "2015.??.??"]

1. e4 c5 2. Nc3 a6 3. a4 Nc6 4. g3 g6 5. Bg2 Bg7 6. d3 e5 7. Nge2 Nge7 8. O-O
O-O 9. Be3 d6 10. Qd2 f5 11. Bh6 Nd4 12. Bxg7 Kxg7 13. f4 Nec6 14. Rae1 fxe4
15. Nxe4 Nxe2+ 16. Rxe2 Bg4 17. Ref2 Qe7 18. fxe5 Nxe5 19. d4 Rxf2 20. Rxf2
cxd4 21. Qxd4 Rd8 22. Rd2 Kg8 23. Rf2 Bf5 24. Nc3 Qg7 25. Qd5+ Kh8 26. Qxb7
Qxb7 27. Bxb7 Rb8 28. Bxa6 Rxb2 29. Bd3 Bxd3 30. cxd3 Rxf2 31. Kxf2 Nxd3+ 32.
Ke3 Nb4 33. Kd4 Kg7 34. Ke4 Nc6 35. Kd5 Na5 36. Ne4 Kf8 37. Kxd6 h6 38. Kc5 Ke7
39. Kb5 Nb3 40. a5 Nxa5 41. Kxa5 Ke6 42. Kb4 Kf5 43. Nf2 g5 44. Kc4 h5 45. Kd4
h4 46. gxh4 gxh4 47. Ke3 Ke5 48. Kf3 Kf5 49. h3 Kg5 50. Ke4 Kh5 51. Kf4 Kh6 52.
Kg4 Kg6 53. Kxh4 Kh6 54. Kg4 Kg6 55. h4 Kh6 56. h5 Kg7 57. Kg5 Kh7 58. Ng4 Kg7
59. Ne5 Kh7 60. h6 Kg8 61. Kg6 Kh8 62. Nf7+ Kg8 63. h7+ Kf8 64. h8=Q+ Ke7 65.
Qd8+ Ke6 66. Qd6#
1-0

[Event "Fagernes Chess International"]
[Site "Fagernes"]
[Date "2015.03.29"]
[Round "4"]
[White "Olsen, William Sandberg"]
[Black "Taksrud, Vidar"]
[Result "1/2-1/2"]
[WhiteElo "1716"]
[BlackElo "2009"]
[PlyCount "120"]
[EventDate "2015.??.??"]

1. d4 Nf6 2. c4 e6 3. Nf3 Bb4+ 4. Nbd2 c5 5. a3 Bxd2+ 6. Bxd2 cxd4 7. Nxd4 Nc6
8. Nb5 Ne4 9. Bf4 e5 10. Bd2 a6 11. Nc3 Qh4 12. Nxe4 Qxe4 13. e3 d6 14. Bc3 O-O
15. Qd3 Bf5 16. Rd1 Rad8 17. Qxe4 Bxe4 18. f3 Bf5 19. Bd3 Bxd3 20. Rxd3 e4 21.
Rd2 Rfe8 22. Kf2 exf3 23. gxf3 Ne5 24. Bxe5 dxe5 25. Rhd1 Rc8 26. b3 g6 27. Rd7
b5 28. cxb5 axb5 29. b4 Kg7 30. e4 Ra8 31. R1d3 Re6 32. Rb7 Rea6 33. Rxb5 Kf6
34. Rdd5 Rxa3 35. Rxe5 Rb3 36. Ra5 Rxb4 37. Rxa8 Kxe5 38. Ra7 Kf6 39. Kg3 Rb3
40. h4 h5 41. Kf4 Rb4 42. Kg3 Rb5 43. Kf4 Kg7 44. Rc7 Kf8 45. Ra7 Rb3 46. Ra8+
Kg7 47. Ra7 Rd3 48. Rc7 Kf8 49. Rc8+ Ke7 50. Rc7+ Ke6 51. Rc6+ Rd6 52. Rc5 f6
53. Rb5 Rd7 54. Rb6+ Kf7 55. Ra6 Kg7 56. Re6 Rd4 57. Ra6 Rc4 58. Ra7+ Kh6 59.
Ra5 Rc1 60. Ra6 Kg7
1/2-1/2

[Event "Fagernes Chess International"]
[Site "Fagernes"]
[Date "2015.03.29"]
[Round "4"]
[White "Mrachek, Svetlana"]
[Black "Machlik, Jon"]
[Result "1/2-1/2"]
[WhiteElo "1617"]
[BlackElo "1947"]
[PlyCount "95"]
[EventDate "2015.??.??"]

1. d4 f5 2. c4 Nf6 3. Nf3 e6 4. Nc3 d5 5. Bg5 c6 6. e3 Bd6 7. Ne5 O-O 8. Be2
Nbd7 9. f4 Qe8 10. O-O Ne4 11. Nxe4 fxe4 12. Bh5 g6 13. Be2 Nxe5 14. fxe5 Be7
15. Bh6 Rxf1+ 16. Qxf1 g5 17. Qf2 Qg6 18. Rf1 Bd7 19. h4 gxh4 20. Qf4 b6 21. b3
c5 22. Kh2 Rd8 23. Rg1 cxd4 24. exd4 dxc4 25. bxc4 Bc6 26. Qe3 Kh8 27. g3 Rg8
28. Bf4 hxg3+ 29. Rxg3 Qf7 30. Rxg8+ Kxg8 31. Qg3+ Qg6 32. Qh3 Qf7 33. Qg3+ Kf8
34. Bh6+ Ke8 35. Be3 Kd8 36. Qh3 Bb4 37. Bg4 Bd7 38. Bh5 Qg7 39. Qh4+ Kc7 40.
Qxe4 Be1 41. Bf3 Qg3+ 42. Kh1 Bf2 43. Qb7+ Kd8 44. Qb8+ Ke7 45. Qd6+ Ke8 46.
Bh5+ Kd8 47. Qb8+ Ke7 48. Qd6+
1/2-1/2

[Event "Fagernes Chess International"]
[Site "Fagernes"]
[Date "2015.03.29"]
[Round "4"]
[White "Lundberg, Alf W."]
[Black "Jacobsen, Caroline Beer"]
[Result "1-0"]
[WhiteElo "1925"]
[BlackElo "1668"]
[PlyCount "63"]
[EventDate "2015.??.??"]

1. e4 e5 2. Nf3 Nc6 3. d4 exd4 4. Nxd4 Bc5 5. Nb3 Bb6 6. Nc3 d6 7. Qe2 Nf6 8.
Bg5 h6 9. Bh4 Nd4 10. Qd3 Nxb3 11. axb3 c6 12. Be2 O-O 13. f4 Qd7 14. Bxf6 gxf6
15. O-O-O Bc7 16. Qg3+ Kh7 17. Qh4 Rg8 18. f5 Qe7 19. Rd3 Bd8 20. Rh3 Qf8 21.
Bh5 Rg5 22. Bxf7 Rxg2 23. Bg6+ Kh8 24. Nd1 Rxg6 25. fxg6 Bxh3 26. Qxh3 Kg7 27.
Rg1 Qe8 28. Ne3 Bb6 29. Nf5+ Kg8 30. Nxh6+ Kf8 31. g7+ Ke7 32. g8=Q
1-0

[Event "Fagernes Chess International"]
[Site "Fagernes"]
[Date "2015.03.29"]
[Round "4"]
[White "Skjølingstad, Sverre"]
[Black "Omtvedt, Per"]
[Result "0-1"]
[WhiteElo "1513"]
[BlackElo "1919"]
[PlyCount "182"]
[EventDate "2015.??.??"]

1. e4 Nf6 2. e5 Nd5 3. d4 d6 4. Nf3 dxe5 5. Nxe5 c6 6. c4 Nb4 7. a3 Qxd4 8.
axb4 Qxe5+ 9. Qe2 Qxe2+ 10. Bxe2 e5 11. c5 Be6 12. Be3 Nd7 13. Nc3 a6 14. Ne4
Be7 15. O-O-O Bd5 16. Bf3 Bxe4 17. Bxe4 Nf6 18. Bc2 Nd5 19. Bd2 O-O-O 20. Rhe1
Bf6 21. Bf5+ Kb8 22. f3 g6 23. Bc2 Rd7 24. Bc3 Bg5+ 25. Bd2 Bxd2+ 26. Rxd2 Rhd8
27. Rxe5 Nxb4 28. Rxd7 Rxd7 29. Re8+ Kc7 30. Rh8 h5 31. Rh7 Nxc2 32. Kxc2 Kd8
33. f4 Ke7 34. f5 Kf6 35. fxg6 Kxg6 36. Rh8 f6 37. Re8 h4 38. h3 Rd5 39. b4 Rg5
40. Kb3 Kf5 41. Rh8 Rxg2 42. Rxh4 Rg7 43. Kc3 Ke5 44. Kd3 f5 45. Ke3 Rg3+ 46.
Kf2 Rb3 47. Kg2 f4 48. Rh8 Rxb4 49. h4 Kf6 50. Kf3 a5 51. Ra8 a4 52. Ra7 Kf5
53. Ra8 Rb3+ 54. Kf2 a3 55. Ra4 Kg4 56. h5 Rh3 57. h6 Rxh6 58. Rxa3 Rh2+ 59.
Kf1 Rc2 60. Ra7 Kf3 61. Ra3+ Ke4 62. Rb3 Rxc5 63. Rxb7 Rc2 64. Rb4+ Ke5 65. Rb3
c5 66. Ke1 Ke4 67. Kd1 Rh2 68. Rc3 Kd4 69. Rf3 Rh4 70. Kd2 c4 71. Kc2 Rg4 72.
Kd2 Rg2+ 73. Kd1 Rg1+ 74. Kd2 Rg4 75. Kc2 Ke4 76. Rc3 Rg3 77. Rxc4+ Ke3 78. Kd1
Rg1+ 79. Kc2 f3 80. Rc8 Ra1 81. Re8+ Kf2 82. Kd2 Ra2+ 83. Kd1 Re2 84. Rg8 Re5
85. Rh8 Kg2 86. Rg8+ Kf1 87. Kd2 f2 88. Rf8 Re6 89. Ra8 Rg6 90. Rf8 Kg1 91. Ke2
Re6+
0-1

[Event "Fagernes Chess International"]
[Site "Fagernes"]
[Date "2015.03.29"]
[Round "4"]
[White "Bue, Gunnar"]
[Black "Tangelder, Yonne"]
[Result "0-1"]
[WhiteElo "1673"]
[BlackElo "1875"]
[PlyCount "34"]
[EventDate "2015.??.??"]

1. d4 f5 2. Nf3 Nf6 3. c4 g6 4. Nc3 Bg7 5. e3 O-O 6. Be2 d6 7. O-O Qe8 8. b3 e5
9. dxe5 dxe5 10. Bb2 e4 11. Nd4 c6 12. b4 Nbd7 13. b5 c5 14. Nb3 b6 15. Nd5 Qf7
16. Nc7 Rb8 17. Qd6 Ne8
0-1

[Event "Fagernes Chess International"]
[Site "Fagernes"]
[Date "2015.03.29"]
[Round "4"]
[White "Fossan, Andreas"]
[Black "Tenold, Andreas"]
[Result "1-0"]
[WhiteElo "1873"]
[BlackElo "1466"]
[PlyCount "61"]
[EventDate "2015.??.??"]

1. d4 d5 2. c4 e6 3. Nc3 Nf6 4. cxd5 exd5 5. Bg5 Be6 6. e3 h6 7. Bxf6 Qxf6 8.
Qb3 b6 9. Bd3 Qg5 10. g3 c5 11. Bb5+ Kd8 12. Nf3 Qh5 13. Be2 Qf5 14. Nh4 Qg5
15. f4 c4 16. Qb5 Qe7 17. Nxd5 Qd7 18. Qxd7+ Nxd7 19. Bxc4 Rc8 20. Bb3 a5 21.
Nc3 Bb4 22. Kd2 g5 23. Bxe6 fxe6 24. Nf3 g4 25. Ne1 Nf6 26. Kd3 Bxc3 27. bxc3
Nd5 28. Rc1 b5 29. e4 Nb6 30. Ng2 Ke7 31. Rb1
1-0

[Event "Fagernes Chess International"]
[Site "Fagernes"]
[Date "2015.03.29"]
[Round "4"]
[White "Galinskyi, Mykhalo"]
[Black "Bjørgvik, Jan Arne"]
[Result "0-1"]
[WhiteElo "1490"]
[BlackElo "1833"]
[PlyCount "68"]
[EventDate "2015.??.??"]

1. e4 c6 2. d4 d5 3. exd5 cxd5 4. Bd3 Nf6 5. Bf4 Nc6 6. c3 e6 7. Nf3 Bd6 8. Bg5
h6 9. Bh4 Be7 10. Nbd2 Nh5 11. Bg3 Nxg3 12. fxg3 Bf6 13. Qc2 Bd7 14. O-O Rc8
15. a3 Nxd4 16. Nxd4 Bxd4+ 17. Kh1 Bf6 18. Qb3 Bc6 19. Bb5 Qb6 20. a4 a6 21.
Bxc6+ Qxc6 22. a5 O-O 23. Ra4 Be7 24. Nf3 Qb5 25. Qxb5 axb5 26. Ra2 b4 27. Rc1
bxc3 28. Rxc3 Bb4 29. Rxc8 Rxc8 30. h3 Ra8 31. Ra4 Bd6 32. b4 b5 33. Ra2 Bxb4
34. Rb2 Bxa5
0-1

[Event "Fagernes Chess International"]
[Site "Fagernes"]
[Date "2015.03.29"]
[Round "4"]
[White "Engevik, Bjarne J."]
[Black "Yilmaz, Kazim"]
[Result "1-0"]
[WhiteElo "1819"]
[BlackElo "1620"]
[PlyCount "51"]
[EventDate "2015.??.??"]

1. d4 d5 2. Nf3 Nf6 3. e3 e6 4. Bd3 Bd6 5. O-O O-O 6. b3 b6 7. Bb2 Bb7 8. Nbd2
Nbd7 9. Ne5 Ne4 10. Nxd7 Nxd2 11. Nxf8 Nxf1 12. Qh5 Kxf8 13. Rxf1 h6 14. f4 Be7
15. f5 exf5 16. Bxf5 Bf6 17. Ba3+ Kg8 18. Bd3 c5 19. Qf5 Rc8 20. dxc5 bxc5 21.
c4 Qa5 22. Bb2 Qb6 23. cxd5 Bxb2 24. Qxf7+ Kh8 25. Qf8+ Rxf8 26. Rxf8#
1-0

[Event "Fagernes Chess International"]
[Site "Fagernes"]
[Date "2015.03.29"]
[Round "4"]
[White "Merkesvik, Amalie Isabel"]
[Black "Robertsen, Bjørn"]
[Result "0-1"]
[WhiteElo "1462"]
[BlackElo "1810"]
[PlyCount "82"]
[EventDate "2015.??.??"]

1. e4 e6 2. d4 d5 3. exd5 exd5 4. Bd3 Bd6 5. Nf3 Nf6 6. O-O O-O 7. Re1 Bg4 8.
Nbd2 Nc6 9. c3 Ne7 10. Nf1 Bf5 11. Ne3 Bxd3 12. Qxd3 c6 13. Nf5 Nxf5 14. Qxf5
Ne4 15. Ng5 g6 16. Qg4 h5 17. Qh4 Be7 18. f4 c5 19. Qh3 Bxg5 20. fxg5 cxd4 21.
cxd4 Nxg5 22. Bxg5 Qxg5 23. Re3 Qf6 24. Rd1 Rfe8 25. Rg3 Re2 26. Rf3 Qe6 27.
Qxe6 Rxe6 28. Rc1 Rae8 29. Rc2 Kg7 30. Kf2 Rf6 31. Rxf6 Kxf6 32. Rc7 Re7 33.
Rxe7 Kxe7 34. Ke3 Kf6 35. h4 Kf5 36. Kf3 b5 37. a3 a5 38. b4 axb4 39. axb4 f6
40. g3 g5 41. hxg5 fxg5
0-1

[Event "Fagernes Chess International"]
[Site "Fagernes"]
[Date "2015.03.29"]
[Round "4"]
[White "Ali, Karim"]
[Black "Mansoor, Safeer Uddin"]
[Result "1-0"]
[WhiteElo "1798"]
[BlackElo "1300"]
[PlyCount "139"]
[EventDate "2015.??.??"]

1. d4 d5 2. Nf3 g6 3. Bf4 Bg7 4. Qd2 Nf6 5. Bh6 O-O 6. Bxg7 Kxg7 7. Nc3 b6 8.
Ne5 c5 9. f3 Ba6 10. g4 Qd6 11. h4 cxd4 12. Qxd4 Kg8 13. O-O-O Nc6 14. Nxc6
Qxc6 15. g5 Nh5 16. Nxd5 Rfe8 17. e4 Bxf1 18. Rhxf1 Ng3 19. Rf2 Rac8 20. Kb1
Nh5 21. Rd3 Qe6 22. Ne3 Ng7 23. Ng4 Rc6 24. Rfd2 b5 25. Qd7 a6 26. Rd5 Rec8 27.
Qxe6 Nxe6 28. Ne5 R6c7 29. Nd7 Rc6 30. a3 Nf4 31. R5d4 Ne6 32. R4d3 Nf4 33. Re3
Kg7 34. Ne5 R6c7 35. Nd3 Ne6 36. c3 Rd8 37. Rc2 Rcd7 38. Nb4 Rd6 39. Nd5 Kf8
40. b4 R8d7 41. Re1 Rc6 42. Kb2 Rd8 43. Kb3 Rdc8 44. Rd1 Rd6 45. a4 Nf4 46. Ne3
Rxd1 47. Nxd1 Rd8 48. Nb2 f6 49. axb5 axb5 50. c4 fxg5 51. hxg5 Ne6 52. Rg2 Kg7
53. cxb5 Rb8 54. Kc4 Rc8+ 55. Kb3 Rb8 56. Rd2 Rxb5 57. Kc4 Rxg5 58. Rd7 Kf7 59.
Nd3 h5 60. b5 Ke8 61. Ra7 Nd8 62. b6 h4 63. Ra8 Kd7 64. f4 Rh5 65. Ne5+ Rxe5
66. fxe5 h3 67. e6+ Nxe6 68. b7 h2 69. b8=Q h1=Q 70. Ra7+
1-0

[Event "Fagernes Chess International"]
[Site "Fagernes"]
[Date "2015.03.29"]
[Round "4"]
[White "Standal, Bård"]
[Black "Kløfsrud, August Kristiansen"]
[Result "1-0"]
[WhiteElo "1771"]
[BlackElo "1571"]
[PlyCount "69"]
[EventDate "2015.??.??"]

1. Nf3 c5 2. d3 d5 3. Nbd2 Nc6 4. e4 d4 5. g3 e5 6. Bg2 Nf6 7. O-O Be7 8. Re1
O-O 9. h3 Nd7 10. g4 h5 11. Nh2 hxg4 12. hxg4 Bg5 13. Ndf1 Bf4 14. Qf3 g5 15.
Ng3 Nf6 16. Nf5 Ne7 17. Bxf4 exf4 18. Qh3 Nxf5 19. gxf5 Kg7 20. e5 Nd7 21. f6+
Nxf6 22. exf6+ Kxf6 23. Ng4+ Kf5 24. Be4+ Ke6 25. Nh6+ Ke5 26. Bg2+ Kd6 27.
Nf5+ Bxf5 28. Qxf5 Qb6 29. Qf6+ Kc7 30. Qe7+ Kb8 31. Qxf8+ Kc7 32. Qxa8 g4 33.
Qxb7+ Qxb7 34. Bxb7 Kxb7 35. Re7+
1-0

[Event "Fagernes Chess International"]
[Site "Fagernes"]
[Date "2015.03.29"]
[Round "4"]
[White "Berg-Olsen, Sebastian N"]
[Black "Mørkedal, Øyvind"]
[Result "0-1"]
[WhiteElo "1342"]
[BlackElo "1711"]
[PlyCount "60"]
[EventDate "2015.??.??"]

1. e4 c5 2. Nf3 e6 3. d4 cxd4 4. Nxd4 a6 5. Nc3 Qc7 6. g3 b5 7. a3 Bb7 8. Bg2
Nf6 9. O-O Be7 10. Re1 d6 11. Be3 Nbd7 12. Qd3 O-O 13. Bh3 Nc5 14. Qd1 e5 15.
Nf5 Ncxe4 16. Nxe7+ Qxe7 17. Nxe4 Bxe4 18. Bg5 Bb7 19. Qg4 h6 20. Bxf6 Qxf6 21.
Qd7 Qf3 22. Kf1 Rac8 23. c3 Rc4 24. Rad1 Re4 25. Rxe4 Qxd1+ 26. Kg2 Bxe4+ 27.
f3 Bxf3+ 28. Kf2 Qe2+ 29. Kg1 Qe1+ 30. Bf1 Qe3#
0-1

[Event "Fagernes Chess International"]
[Site "Fagernes"]
[Date "2015.03.29"]
[Round "4"]
[White "Gaure, Sigurd Lauvås"]
[Black "Mansoor, Afras"]
[Result "0-1"]
[WhiteElo "1370"]
[BlackElo "1625"]
[PlyCount "140"]
[EventDate "2015.??.??"]

1. e4 c6 2. d4 d5 3. Nc3 dxe4 4. Nxe4 Nd7 5. Bc4 Ngf6 6. Nc3 Nb6 7. Bb3 Bg4 8.
Nf3 e6 9. Be3 Bd6 10. O-O Bc7 11. h3 Bh5 12. Re1 Qd6 13. a3 O-O 14. Bg5 Nfd5
15. Nxd5 Nxd5 16. Bxd5 Qxd5 17. Bh4 Bxf3 18. Qxf3 Qxd4 19. Qe4 Qxb2 20. Qb4
Qxb4 21. axb4 Bb6 22. c4 Bd4 23. Rab1 b6 24. c5 bxc5 25. bxc5 Bxc5 26. Rbc1 Bb4
27. Re4 c5 28. Be7 Rfc8 29. Rec4 a5 30. Bxc5 Bxc5 31. Rxc5 Rxc5 32. Rxc5 a4 33.
Rc2 a3 34. Ra2 Kf8 35. Kf1 Ke7 36. Ke2 Kd6 37. Kd3 Kd5 38. f4 e5 39. fxe5 Kxe5
40. Ke3 Kd5 41. Kd3 Kc5 42. Kc3 f5 43. Kd3 Kb4 44. Kc2 Kc4 45. Kb1 Kb3 46. Rf2
Rc8 47. Rf3+ Rc3 48. Rxc3+ Kxc3 49. Ka2 Kd2 50. Kxa3 Ke3 51. Kb3 Kf2 52. Kc3
Kxg2 53. Kd3 f4 54. h4 f3 55. h5 f2 56. h6 f1=Q+ 57. Kc3 Qc1+ 58. Kd4 Kf3 59.
hxg7 Qa1+ 60. Kd5 Qxg7 61. Kd6 h5 62. Ke6 h4 63. Kd6 h3 64. Kd5 h2 65. Ke6 h1=R
66. Kd5 Re1 67. Kc4 Rd1 68. Kb3 Rc1 69. Ka2 Qb7 70. Ka3 Ra1#
0-1

[Event "Fagernes Chess International"]
[Site "Fagernes"]
[Date "2015.03.29"]
[Round "4"]
[White "Brobakken, Lars Erik"]
[Black "Shehzad, Kasher"]
[Result "0-1"]
[WhiteElo "1284"]
[BlackElo "1589"]
[PlyCount "74"]
[EventDate "2015.??.??"]

1. d4 Nf6 2. Nf3 e6 3. c4 Be7 4. Nc3 b6 5. g3 Bb7 6. Bg2 d6 7. Qc2 Nbd7 8. e4
e5 9. d5 a5 10. O-O Nc5 11. Nh4 Nfd7 12. Nf5 g6 13. Ne3 h5 14. f4 exf4 15. gxf4
Bf6 16. Nb5 Ba6 17. e5 Bxb5 18. e6 Bd4 19. exf7+ Kxf7 20. cxb5 Re8 21. Rf3 Nf6
22. Kh1 Nfe4 23. Nc4 Nf2+ 24. Rxf2 Bxf2 25. Qxf2 Nd3 26. Qf3 Re1+ 27. Bf1 Nxc1
28. Nd2 Qh4 29. Ne4 Re8 30. Ng5+ Kg8 31. Ne6 Re7 32. f5 Rf7 33. Qg2 Qg4 34. Nd4
Qxd4 35. Qxg6+ Qg7 36. Kg2 Qxg6+ 37. fxg6 Rfxf1
0-1

[Event "Fagernes Chess International"]
[Site "Fagernes"]
[Date "2015.03.29"]
[Round "4"]
[White "Shehzad, Alisha"]
[Black "Sæteren, Erlend"]
[Result "0-1"]
[WhiteElo "879"]
[BlackElo "1428"]
[PlyCount "150"]
[EventDate "2015.??.??"]

1. e4 c5 2. Nf3 g6 3. d4 cxd4 4. Nxd4 Bg7 5. Be3 Nc6 6. Nc3 d6 7. Be2 a6 8. O-O
Nf6 9. Nb3 O-O 10. f4 e6 11. a3 d5 12. e5 Nd7 13. Qd3 b6 14. Rad1 Bb7 15. Bf2
Qc7 16. Qg3 Ncxe5 17. fxe5 Bxe5 18. Qh3 f5 19. Bg3 Rf7 20. Kh1 Qc6 21. Bf3 Bxc3
22. bxc3 Qxc3 23. Rf2 Rc8 24. Qh4 e5 25. Rfd2 e4 26. Be2 Re8 27. Rc1 Nc5 28.
Rdd1 Nxb3 29. cxb3 Qxb3 30. Rb1 Qxa3 31. Rxb6 Rc8 32. Rdb1 Rc1+ 33. Rxc1 Qxc1+
34. Be1 a5 35. h3 a4 36. Kh2 a3 37. Qg3 a2 38. Qb8+ Qc8 39. Qxc8+ Bxc8 40. Bc3
Rc7 41. Rb3 Rxc3 42. Rxc3 a1=Q 43. Rxc8+ Kg7 44. Rc7+ Kh6 45. Rd7 d4 46. Bc4 d3
47. Bxd3 exd3 48. Rxd3 Qe5+ 49. Kh1 g5 50. Ra3 Qd6 51. Rf3 Kg6 52. Kg1 h5 53.
Kf2 g4 54. hxg4 hxg4 55. Rg3 Kg5 56. Re3 f4 57. Re1 g3+ 58. Kf1 Qb6 59. Re2 Kg4
60. Rd2 f3 61. gxf3+ Kxf3 62. Rd3+ Kf4 63. Rd2 Qb5+ 64. Kg2 Qc5 65. Kf1 Qe3 66.
Re2 Qd3 67. Ke1 Kf3 68. Rg2 Qb1+ 69. Kd2 Kxg2 70. Kc3 Kf2 71. Kd4 g2 72. Kc4
g1=Q 73. Kd4 Qgd1+ 74. Ke5 Qb5+ 75. Ke4 Qg4#
0-1

[Event "Fagernes Chess International"]
[Site "Fagernes"]
[Date "2015.03.29"]
[Round "5"]
[White "Løbersli, Henrik Øie"]
[Black "Maloberti, David"]
[Result "0-1"]
[WhiteElo "2078"]
[BlackElo "2140"]
[PlyCount "34"]
[EventDate "2015.??.??"]

1. Nf3 Nf6 2. g3 g6 3. Bg2 Bg7 4. O-O d6 5. d4 O-O 6. c4 Nc6 7. Nc3 e5 8. d5
Ne7 9. e4 Ne8 10. Ne1 f5 11. Nd3 Nf6 12. f4 Nxe4 13. Nxe4 fxe4 14. Bxe4 Nf5 15.
fxe5 dxe5 16. Bg2 e4 17. Nc5 Bd4+
0-1

[Event "Fagernes Chess International"]
[Site "Fagernes"]
[Date "2015.03.29"]
[Round "5"]
[White "Machlik, Endre"]
[Black "Machlik, Monika"]
[Result "1/2-1/2"]
[WhiteElo "2036"]
[BlackElo "1967"]
[PlyCount "98"]
[EventDate "2015.??.??"]

1. d4 Nf6 2. c4 g6 3. Nc3 d5 4. cxd5 Nxd5 5. Na4 Bg7 6. e4 Nb6 7. Be3 O-O 8.
Nf3 Bg4 9. Nc5 Nc6 10. Nxb7 Qb8 11. Ba6 Nb4 12. Nc5 Bxf3 13. gxf3 Bxd4 14. Bxd4
Rd8 15. Qe2 Rxd4 16. O-O Nxa6 17. Nxa6 Qc8 18. Rac1 Nc4 19. Rxc4 Qxa6 20. Rfc1
Rd7 21. b3 Rad8 22. R4c2 Qf6 23. Kh1 Qf4 24. Qe3 Qe5 25. f4 Qb5 26. Qe2 Qa5 27.
Rc5 Qb6 28. R1c2 Qd6 29. Qf3 Qe6 30. Qe2 Qd6 31. e5 Qb6 32. Kg2 e6 33. Qf3 Rd3
34. Qc6 Qb4 35. R5c4 Qe1 36. Qe4 Qd1 37. h3 Qh5 38. f3 Rd2+ 39. Kg3 Rd1 40. Rc1
Rxc1 41. Rxc1 Rd2 42. Qe3 Rxa2 43. Rxc7 a6 44. Qd4 Kg7 45. Qd8 Qf5 46. h4 Qb1
47. Qf6+ Kh6 48. Qg5+ Kg7 49. Qf6+ Kh6
1/2-1/2

[Event "Fagernes Chess International"]
[Site "Fagernes"]
[Date "2015.03.29"]
[Round "5"]
[White "Melkevik, Johannes"]
[Black "Smits, Frans"]
[Result "1/2-1/2"]
[WhiteElo "2014"]
[BlackElo "2064"]
[PlyCount "92"]
[EventDate "2015.??.??"]

1. e4 e6 2. d4 d5 3. Nd2 Nf6 4. e5 Nfd7 5. Bd3 c5 6. c3 Nc6 7. Ne2 cxd4 8. cxd4
f6 9. exf6 Nxf6 10. Nf3 Bd6 11. O-O Qc7 12. Bg5 O-O 13. Bh4 Nh5 14. Qc2 h6 15.
Bh7+ Kh8 16. Bg6 Rxf3 17. Bxh5 Bxh2+ 18. Kh1 Rf5 19. Bg6 Bd6 20. Bxf5 exf5 21.
Rae1 Qf7 22. Bg3 Bb4 23. Rd1 Bd7 24. a3 Ba5 25. f4 Qh5+ 26. Kg1 Re8 27. Rf3 Bb6
28. Bf2 Re4 29. Ng3 Qe8 30. Nxe4 fxe4 31. Rg3 Ne7 32. Rc3 Nf5 33. g4 Nd6 34.
Rg3 Qf7 35. Be3 Nc4 36. Qe2 Bc7 37. Bc1 Nd6 38. b3 e3 39. Bxe3 Ne4 40. Qg2 Nxg3
41. Qxg3 Qg6 42. g5 Bd6 43. b4 a6 44. Kf2 h5 45. Rd2 Bg4 46. Kg2 Qe4+
1/2-1/2

[Event "Fagernes Chess International"]
[Site "Fagernes"]
[Date "2015.03.29"]
[Round "5"]
[White "Bentsen, Håkon"]
[Black "Jacobsen, Fredrik Beer"]
[Result "1/2-1/2"]
[WhiteElo "2050"]
[BlackElo "2011"]
[PlyCount "34"]
[EventDate "2015.??.??"]

1. e4 c5 2. Nf3 Nc6 3. d4 cxd4 4. Nxd4 Nf6 5. Nc3 d6 6. Bg5 e6 7. Qd2 a6 8.
O-O-O h6 9. Be3 Nxd4 10. Bxd4 Qa5 11. Kb1 b5 12. Nd5 Qxd2 13. Nxf6+ gxf6 14.
Rxd2 e5 15. Bc3 Bb7 16. Bd3 d5 17. Re2 b4
1/2-1/2

[Event "Fagernes Chess International"]
[Site "Fagernes"]
[Date "2015.03.29"]
[Round "5"]
[White "Nilsen, Martin"]
[Black "Pettersen, Joar Gullestad"]
[Result "1-0"]
[WhiteElo "2025"]
[BlackElo "1979"]
[PlyCount "149"]
[EventDate "2015.??.??"]

1. e3 f5 2. c4 Nf6 3. Nc3 e6 4. g3 d5 5. cxd5 exd5 6. Nge2 c6 7. Bg2 Bd6 8. O-O
O-O 9. b3 Nbd7 10. Bb2 Qe7 11. Qc2 Ne4 12. f4 Ndf6 13. Rae1 Bd7 14. Nd4 a5 15.
Nf3 Nxc3 16. Bxc3 Ne4 17. Ne5 Nxc3 18. Qxc3 Be8 19. Bf3 a4 20. Nd3 axb3 21.
axb3 Bf7 22. b4 Ra2 23. Ra1 Rfa8 24. Rxa2 Rxa2 25. Ra1 Rxa1+ 26. Qxa1 h6 27.
Qd4 Kh7 28. Kf2 Qc7 29. Ne5 Qe7 30. b5 Be8 31. Be2 Qe6 32. Bf3 Qe7 33. Kg2 g6
34. Kf2 Bc5 35. Qc3 Bb4 36. Qc2 Qd6 37. Qd3 Bc5 38. h4 h5 39. Ke2 Kg7 40. Bg2
Qe6 41. Qc3 Be7 42. bxc6 bxc6 43. Nxc6+ Bf6 44. Nd4 Qd6 45. Kf2 Bf7 46. Qd3 Qc5
47. Nf3 Qd6 48. Kg1 Bg8 49. Kh2 Kh6 50. Qb3 Kg7 51. Qb7+ Kh6 52. Ng5 d4 53. e4
fxe4 54. Bxe4 Be7 55. Qc8 Qd8 56. Qb7 Qd6 57. d3 Qd8 58. Qc6 Bf6 59. f5 gxf5
60. Bxf5 Qe7 61. Ne4 Kg7 62. Nxf6 Qxf6 63. Qxf6+ Kxf6 64. Be4 Ke5 65. Bg6 Kf6
66. Bxh5 Bh7 67. Be2 Kf5 68. Kg2 Bg6 69. h5 Bh7 70. Kh3 Kg5 71. g4 Kf6 72. Kh4
Ke6 73. g5 Bf5 74. Bg4 Bxg4 75. Kxg4
1-0

[Event "Fagernes Chess International"]
[Site "Fagernes"]
[Date "2015.03.29"]
[Round "5"]
[White "Ranaldi, Lucas"]
[Black "Johansen, Pål H"]
[Result "1/2-1/2"]
[WhiteElo "2014"]
[BlackElo "1962"]
[PlyCount "69"]
[EventDate "2015.??.??"]

1. d4 d5 2. c4 c6 3. Nf3 Nf6 4. e3 a6 5. Bd3 dxc4 6. Bxc4 e6 7. O-O b5 8. Bd3
Bb7 9. b3 c5 10. Bb2 Nc6 11. Qe2 cxd4 12. Nxd4 Nxd4 13. Bxd4 Bd6 14. Nd2 e5 15.
Bb2 O-O 16. e4 Rc8 17. a4 Qb6 18. axb5 axb5 19. h3 Rfd8 20. Nf3 Bb8 21. Rac1
Rxc1 22. Bxc1 b4 23. Bg5 h6 24. Bxf6 Qxf6 25. Bc4 Qg6 26. Re1 Bc8 27. Kh1 Qd6
28. Rc1 Be6 29. Bxe6 Qxe6 30. Rc4 Qd6 31. Qe1 Ba7 32. Kh2 Rb8 33. Qe2 f6 34.
Qc2 Qb6 35. Rc8+
1/2-1/2